000 00477nam a2200157 i 4500
001 61671
003 ES-MaACL
005 20230906164522.0
007 t|
008 031113s1969 sp ||||1| spa d
100 1 _aFagoaga, Isidoro de.
_948627
245 1 4 _aLos poetas y el País Vasco /
_cIsidoro de Fagoaga.
260 _a[San Sebastián] :
_bSociedad Guipuzcoana de Ediciones y Publicaciones,
_c[1969]
300 _a184 p. ;
_c20 cm.
852 _aES-MaACL
_jC-36010
_bR.69388
999 _c61671
_d61671